000 00283nam a22001337a 4500
008 170926b xxu||||| |||| 00| 0 eng d
020 _a9780312470128
041 _aeng
080 _a37
100 _a46
101 _aEDU
245 _aFOCUS ONWRITING
_cLECHNER,J
942 _2udc
_cBK
999 _c30047
_d30047